Acá entre nos-Vicente Fernández (Letra/lyrics) - Statistics

General Stats
  • This quiz has been taken 14 times
  • The average score is 98 of 159
Answer Stats
Answer % Correct
a
100%
No
100%
no
100%
Acá
90%
en
90%
entre
90%
el
80%
me
80%
Me
80%
Que
80%
que
80%
Qué
80%
te
80%
Y
80%
y
80%
de
70%
es
70%
la
70%
lo
70%
mi
70%
nos
70%
Por
70%
por
70%
Quiero
70%
tu
70%
amigos
60%
amor
60%
con
60%
conté
60%
dejado
60%
dejando
60%
estás
60%
fui
60%
ha
60%
han
60%
he
60%
les
60%
Les
60%
mis
60%
Porque
60%
presumir
60%
se
60%
sepas
60%
verdad
60%
ya
60%
adorar
50%
besos
50%
corriendo
50%
dado
50%
encontré
50%
estoy
50%
ganas
50%
gritar
50%
herida
50%
ninguna
50%
olvidé
50%
otro
50%
pena
50%
platiqué
50%
preguntar
50%
puedo
50%
quererte
50%
respiro
50%
Salir
50%
sido
50%
soledad
50%
sus
50%
tequila
50%
tragos
50%
triste
50%
unos
50%
vida
50%
Allá
40%
aniquila
40%
bastaron
40%
brazos
40%
confesar
40%
desde
40%
día
40%
hay
40%
hoy
40%
lado
40%
más
40%
odiando
40%
odiar
40%
para
40%
probarles
40%
queda
40%
recordar
40%
Siempre
40%
sin
40%
soportar
40%
también
40%
traición
40%
tus
40%
voy
40%
aborrezco
30%
cabe
30%
canta
30%
Cuando
30%
deseado
30%
dolor
30%
duda
30%
hasta
30%
llorar
30%
Martín
30%
momentos
30%
muerte
30%
puede
30%
No matching quizzes found
Score Distribution
Percent of People with Each Score
Percentile by Number Answered
Your Score History
You have not taken this quiz